Penny the squirrel and the winter promise / by ... Read More
Available copies
- 1 of 1 copy available at LARL/NWRL Consortium.
Current holds
0 current holds with 1 total copy.
Show Only Available Copies
| Location | Call Number / Copy Notes | Barcode | Shelving Location | Status | Due Date |
|---|---|---|---|---|---|
| Hallock Public Library | e PEN (Text) | 35500006905010 | New | Available | - |
Record details
- ISBN: 9798293292738
- Physical Description: 1 volume (unpaged) : col. ill. ; 22 cm.
- Publisher: [Place of publication not identified] : Independently published, 2025.
Content descriptions
| General Note: | "A Rainbow Artworks storybook"--Cover. |
| Summary, etc.: | In the cozy corners of Sunnywood Forest, Penny the ... Read More |
Search for related items by subject
| Subject: | Squirrels > Juvenile fiction. Friendship > Juvenile fiction. Interpersonal relations > Juvenile fiction. Social skills > Juvenile fiction. Squirrels > Fiction. Friendship > Fiction. |
| Genre: | Animal fiction. Picture books. |
Search for related items by series
| LDR | 00614cam a2200181M 4500 | ||
|---|---|---|---|
| 001 | 478327 | ||
| 003 | LARL_NWRL_CONSORTIUM | ||
| 005 | 20260114160529.0 | ||
| 008 | 250730s2025 xx 0|| 0 eng d | ||
| 040 | . | ‡aYDX ‡beng ‡cYDX ‡dOCLCO | |
| 020 | . | ‡a9798293292738 | |
| 035 | . | ‡a(OCoLC)1529576740 | |
| 245 | 1 | 0. | ‡aPenny the squirrel and the winter promise / ‡cby Rainbow Artworks. |
| 260 | . | ‡a[Place of publication not identified] : ‡bIndependently published, ‡c2025. | |
| 300 | . | ‡a1 volume (unpaged) : ‡bcol. ill. ; ‡c22 cm. | |
| 490 | 0 | . | ‡aMoral stories for kids |
| 500 | . | ‡a"A Rainbow Artworks storybook"--Cover. | |
| 520 | . | ‡aIn the cozy corners of Sunnywood Forest, Penny the thoughtful squirrel is busy gathering acorns, planning carefully for the winter ahead. But her playful friend Freddy the Fox and sleepy Bella the Bear would rather nap and play—until the snow starts to fall and their bellies growl. As the frost settles in, Penny opens her door and her heart, reminding them all that hard work, kindness, and sharing make every season brighter. Join Penny, Freddy, and Bella in a cozy forest adventure that shows how even the smallest effort can make a big difference when we work together. | |
| 650 | 0. | ‡aSquirrels ‡vJuvenile fiction. ‡0(LARL_NWRL_CONSORTIUM)175277 | |
| 650 | 0. | ‡aFriendship ‡vJuvenile fiction. ‡0(LARL_NWRL_CONSORTIUM)164914 | |
| 650 | 0. | ‡aInterpersonal relations ‡vJuvenile fiction. ‡0(LARL_NWRL_CONSORTIUM)165337 | |
| 650 | 0. | ‡aSocial skills ‡vJuvenile fiction. | |
| 650 | 1. | ‡aSquirrels ‡vFiction. | |
| 650 | 1. | ‡aFriendship ‡vFiction. ‡0(LARL_NWRL_CONSORTIUM)164944 | |
| 655 | 7. | ‡aAnimal fiction. ‡2lcgft | |
| 655 | 7. | ‡aPicture books. ‡2lcgft | |
| 710 | 2 | . | ‡aRainbow Artworks. |
| 901 | . | ‡a478327 ‡bAUTOGEN ‡c478327 ‡tbiblio | |

Add to basket
Permalink
Enable Highlighting